Profesia učiteľa v Európe: prístup, kariérny postup a poradenstvo

Najlepšie spôsoby podľa európskych lídrov, ako učiteľom poskytnúť účinné poradenstvo, zvýšiť ich profesionalitu a postavenie. Plánovanie a hlavné výzvy v ponuke a dopyte učiteľov. Vstup do profesie a mobilita učiteľov. Uvádzanie, profesijný rozvoj a poradenstvo. Dobrá kariérna budúcnosť. Hodnotenie...

Full description

Saved in:
Bibliographic Details
Main Author: Aichová, Gabriela
Format: Book Chapter
Language:Slovak
Subjects:
Tags: Add Tag
No Tags, Be the first to tag this record!

MARC

LEADER 00000naa a2200000 4500
001 0282091
005 20240417075155.3
041 0 |a slo 
044 |a SK 
245 1 0 |a Profesia učiteľa v Európe: prístup, kariérny postup a poradenstvo  |c Gabriela Aichová 
520 |a Najlepšie spôsoby podľa európskych lídrov, ako učiteľom poskytnúť účinné poradenstvo, zvýšiť ich profesionalitu a postavenie. Plánovanie a hlavné výzvy v ponuke a dopyte učiteľov. Vstup do profesie a mobilita učiteľov. Uvádzanie, profesijný rozvoj a poradenstvo. Dobrá kariérna budúcnosť. Hodnotenie učiteľa ako spätná väzba. 
610 2 0 |a štúdie 
610 2 0 |a postupy pracovné 
610 2 0 |a kariéra 
610 2 0 |a poradenstvo profesionálne 
610 2 0 |a učitelia 
610 2 0 |a pedagogika 
610 2 0 |a Európa 
100 1 |a Aichová, Gabriela